Balfour Beatty powers ahead in February (Record no. 78570)
[ view plain ]
| 000 -LEADER | |
|---|---|
| fixed length control field | 00839cab a22001935a 4500 |
| 001 - CONTROL NUMBER | |
| control field | L137253 |
| 008 - FIXED-LENGTH DATA ELEMENTS--GENERAL INFORMATION | |
| fixed length control field | 070326e2007 xxk 000 0 eng d |
| 035 ## - SYSTEM CONTROL NUMBER | |
| System control number | (Sirsi) u137253 |
| 041 0# - LANGUAGE CODE | |
| Language code of text/sound track or separate title | eng |
| 100 1# - MAIN ENTRY--PERSONAL NAME | |
| Personal name | McCormick, Helen |
| 245 00 - TITLE STATEMENT | |
| Title | Balfour Beatty powers ahead in February |
| 260 ## - PUBLICATION, DISTRIBUTION, ETC. | |
| Date of publication, distribution, etc. | 2007 |
| 490 ## - SERIES STATEMENT | |
| Series statement | Contract Journal |
| Volume/sequential designation | (6617) 21 March 2007, 10-11(2) |
| 520 ## - SUMMARY, ETC. | |
| Summary, etc. | Balfour Beatty topped the new work winners monthly league table for February 2007, with Kier in second place and HBG Construction in third. Balfour Beatty remained at the top of the new work winners table for the past 12 months. February?s overall workload was £3.17bn, above the 12 month average of £2.47bn, boosted by infrastructure activity. |
| 590 ## - LOCAL NOTE (RLIN) | |
| Local note | KA |
| 651 #4 - SUBJECT ADDED ENTRY--GEOGRAPHIC NAME | |
| Geographic name | GREAT BRITAIN |
| 690 ## - LOCAL SUBJECT ADDED ENTRY--TOPICAL TERM (OCLC, RLIN) | |
| Topical term or geographic name as entry element | BUILT ENVIRONMENT-CONSTRUCTION MARKET |
| 942 ## - ADDED ENTRY ELEMENTS (KOHA) | |
| Suppress in OPAC | 0 |
| Withdrawn status | Lost status | Source of classification or shelving scheme | Damaged status | Not for loan | Home library | Current library | Shelving location | Date acquired | Total Checkouts | Full call number | Barcode | Date last seen | Copy number | Price effective from | Koha item type |
|---|---|---|---|---|---|---|---|---|---|---|---|---|---|---|---|
| Dewey Decimal Classification | London | London | Journal article | 26/03/2007 | L137253 | 137253-1001 | 06/08/2019 | 1 | 06/08/2019 | Journal article |